Организация и планирование геологоразведочных работ на нефть и газ: учебник

Xehetasun bibliografikoak
Egile nagusia: Тищенко В. Е. Виктор Елисеевич
Hizkuntza:errusiera
Argitaratua: Москва, Недра, 1983
Edizioa:3-е изд., перераб. и доп.
Gaiak:
Formatua: Liburua
KOHA link:https://koha.lib.tpu.ru/cgi-bin/koha/opac-detail.pl?biblionumber=36624

MARC

LEADER 00000nam0a2200000 4500
001 36624
005 20231031002227.0
035 |a (RuTPU)RU\TPU\book\37100 
035 |a BOOK00003752 
090 |a 36624 
100 |a 20011210d1983 m y0rusy50 ca 
101 0 |a rus 
102 |a RU 
105 |a a j 000zy 
200 1 |a Организация и планирование геологоразведочных работ на нефть и газ  |e учебник  |f В. Е. Тищенко 
205 |a 3-е изд., перераб. и доп. 
210 |a Москва  |c Недра  |d 1983 
215 |a 381 с.  |c ил. 
610 1 |a геология 
610 1 |a геологоразведочные процессы 
610 1 |a нефть 
610 1 |a газ 
610 1 |a организация 
610 1 |a планирование 
610 1 |a научная организация 
610 1 |a нормирование труда 
610 1 |a учебные пособия 
675 |a 553.98.08(075.8)  |v 3 
700 1 |a Тищенко  |b В. Е.  |g Виктор Елисеевич 
801 0 |a RU  |b 63413507  |c 20011210  |g PSBO 
801 2 |a RU  |b 63413507  |c 20160919  |g PSBO 
900 |a Организация и планирование производства. Основы менеджмента 
900 |a Экономика и организация геологоразведочных работ 
900 |a Экономика предприятия и основы управления производством 
942 |c BK